| 000 | 00886 a2200205 4500 | ||
|---|---|---|---|
| 003 | Nust | ||
| 005 | 20221006102529.0 | ||
| 010 | _a 89038590 | ||
| 020 | _a0138807744 : | ||
| 040 | _cNust | ||
| 082 | 0 | 0 | _a005.42,FOS |
| 100 | 1 |
_aFoster, Ian, _999234 |
|
| 245 | 1 | 0 |
_aSystems programming in parallel logic languages / _cIan Foster. |
| 260 |
_aNew York : _bPrentice Hall, _c1990. |
||
| 300 |
_axiv, 194 p. : _bill. ; _c24 cm. |
||
| 505 | _aIntroduction (Page-1), Operating System Design (Page-7), Flat Parlog (Page-27), The Kernel (Page-33), kernel Implementation Techniques (Page-55), Performance Studies (Page-81), The Nucleus (Page-97),Programming Environments (Page-125), Other Issues (Page-157), Conclusion (Page-167). | ||
| 650 | 0 |
_aParallel processing (Electronic computers) _936595 |
|
| 650 | 0 |
_aSystems programming (Computer science) _966948 |
|
| 942 |
_2ddc _cBK _k005.42,FOS |
||
| 999 |
_c180493 _d180493 |
||